000 00413nam a2200169Ia 4500
008 230524s9999 xx 000 0 und d
020 _a9971512351
082 _a621.38
_bJAN
100 _aFranklin F.Kuo
245 0 _aNetwork Analysis and Synthesis
250 _a2ND
260 _aSINGAPORE
_bJohn Wiley
_c2004
300 _aXIII;607
500 _aQuantity Number: 34
650 _aElectrical
942 _cBK
999 _c29157
_d29157